Sports Quiz

Random Sports or Soccer Quiz

Sportswomen by Image Quiz Stats

 Plays Quiz Updated Apr 20, 2021

Support Sporcle.
Go Orange.
Score 0/16 Timer 04:00
5 Plays Today
% Correct
Danica Patrick
Motorsport
94.8%
Lisa Leslie
Basketball
92.5%
Ronda Rousey
MMA
92.1%
Hilary Knight
Ice hockey
91.8%
Lindsey Vonn
Skiing
91.8%
Maria Sharapova
Tennis
91.4%
Mia Hamm
Soccer
91.1%
Annika Sörenstam
Golf
89.9%
% Correct
Michelle Kwan
Figure skating
89.4%
Nadia Comăneci
Gymnastics
88.9%
Shelly-Ann Fraser-Pryce
Athletics (Track and Field)
88.5%
Nicol David
Squash
82.2%
Farah Palmer
Rugby
81.1%
Stephanie Gilmore
Surfing
81%
Birgit Fischer
Kayaking
78.1%
Katie Ledecky
Swimming
75.8%

You're not logged in!

Compare scores with friends on all Sporcle quizzes.
OR
Log In

From the Vault

First Name Basis: World Leaders

by petenge

We're not on a first name basis with any of them, but we like to dream.
Remove Ads.
Support Sporcle.
Get the best of Sporcle when you Go Orange. This ad-free experience offers more features, more stats, and more fun while also helping to support Sporcle. Thank you for becoming a member.

Show Comments

Extras

Top Quizzes Today


Score Distribution

Your Account Isn't Verified!

In order to create a playlist on Sporcle, you need to verify the email address you used during registration. Go to your Sporcle Settings to finish the process.

Report this User

Report this user for behavior that violates our Community Guidelines.

Details: